[Event "2nd EUR-ch (w)"]
[Site "Warsaw POL"]
[Date "2001.05.01"]
[Round "9.56"]
[White "Erenska, Hanna"]
[Black "Aginian, Nelly"]
[Result "1/2-1/2"]
[WhiteElo "2246"]
[BlackElo "2192"]
[EventDate "2001.04.21"]
[PlyCount "133"]

1.e4 e6 2.d4 d5 3.exd5 exd5 4.Nf3 Nf6 5.Bd3 Bd6 6.O-O O-O 7.Bg5 Bg4 8.Nbd2
Nbd7 9.c3 c6 10.Qc2 Qc7 11.Bh4 Bh5 12.Bg3 Bxg3 13.hxg3 Bg6 14.Nh4 Bxd3 15.
Qxd3 Rfe8 16.Rfe1 Nf8 17.Nf5 Ng6 18.Qf3 Rxe1+ 19.Rxe1 Re8 20.Rxe8+ Nxe8 
21.g4 Kf8 22.g3 Qa5 23.a3 Qb6 24.b3 Qd8 25.Qe3 Nd6 26.a4 Qf6 27.Nxd6 Qxd6 
28.b4 a5 29.bxa5 Qa3 30.c4 Qxa4 31.cxd5 Qd1+ 32.Nf1 cxd5 33.Qa3+ Ke8 34.
Qb4 Qa1 35.Qb5+ Kd8 36.Qxd5+ Kc8 37.Kg2 Qa4 38.Ne3 Qc6 39.Qxc6+ bxc6 40.
Nf5 Kb7 41.Nxg7 Ka6 42.Nf5 Kxa5 43.Kf3 Kb4 44.Ke4 f6 45.f4 c5 46.d5 c4 47.
d6 Nf8 48.Kd5 c3 49.Ne3 Kb5 50.Nc2 Kb6 51.Nd4 Kb7 52.Kc4 c2 53.Nxc2 Kc6 
54.Nd4+ Kxd6 55.Nf5+ Ke6 56.Kc5 Nd7+ 57.Kc6 Nb8+ 58.Kc7 Na6+ 59.Kd8 Kf7 
60.Nd6+ Ke6 61.Ne4 h6 62.Ke8 f5 63.Nf2 fxg4 64.Nxg4 h5 65.Ne3 Nc5 66.Kf8 
Ne4 67.g4 1/2-1/2

[Event "2nd EUR-ch (w)"]
[Site "Warsaw POL"]
[Date "2001.05.01"]
[Round "9.57"]
[White "Saljova-Orsagova, Silvie"]
[Black "Sasu-Ducsoara, Andreea"]
[Result "1-0"]
[WhiteElo "2142"]
[BlackElo "2240"]
[EventDate "2001.04.21"]
[PlyCount "81"]

1.d4 d6 2.Nf3 Bg4 3.c4 Nd7 4.Qb3 Rb8 5.h3 Bxf3 6.Qxf3 g6 7.Nc3 Bg7 8.Qd3 
c5 9.e3 cxd4 10.exd4 Qb6 11.d5 Qb4 12.a3 Bxc3+ 13.bxc3 Qa5 14.Qd4 Ngf6 15.
g4 O-O 16.Bh6 Rfc8 17.Be2 Ne5 18.Kf1 Qc7 19.g5 Ne8 20.h4 Qc5 21.Qf4 Nxc4 
22.Rd1 Nb2 23.Rd4 Nc7 24.Qd2 Qxa3 25.Rb4 Nxd5 26.Qxd5 Qxc3 27.Rb3 e6 28.
Qf3 Qxf3 29.Bxf3 Nc4 30.Rxb7 Nd2+ 31.Ke2 Nxf3 32.Rxb8 Nd4+ 33.Kd3 Rxb8 34.
Kxd4 a5 35.Ra1 Rb4+ 36.Kc3 Rxh4 37.Rxa5 f5 38.Ra7 Rh2 39.f4 Rh4 40.Rg7+ 
Kh8 41.Rf7 1-0

[Event "2nd EUR-ch (w)"]
[Site "Warsaw POL"]
[Date "2001.05.01"]
[Round "9.58"]
[White "Morkunaite, Egle"]
[Black "Grabics, Monika"]
[Result "1/2-1/2"]
[WhiteElo "2028"]
[BlackElo "2354"]
[EventDate "2001.04.21"]
[PlyCount "101"]

1.e4 c5 2.Nf3 Nc6 3.d4 cxd4 4.Nxd4 Nf6 5.Nc3 d6 6.Bg5 e6 7.Qd2 a6 8.O-O-O 
h6 9.Bf4 Bd7 10.Bg3 Nxd4 11.Qxd4 e5 12.Qd2 Rc8 13.f4 Nh5 14.Nd5 Nxg3 15.
hxg3 Be6 16.Be2 Bxd5 17.exd5 Be7 18.Bg4 Rc5 19.Kb1 Bf6 20.Rde1 Qb6 21.Re3 
O-O 22.Rb3 Qc7 23.Bf5 Re8 24.Re3 Kf8 25.Rhe1 a5 26.Bg4 Qb6 27.Rb3 Rb5 28.
Qd3 Rxb3 29.axb3 Qf2 30.Re2 Qg1+ 31.Ka2 Qc1 32.Qe3 Qd1 33.Qb6 Qxd5 34.c4 
Qd3 35.Re3 Qd2 36.Re2 Qd3 37.Re3 Qd2 38.Re2 Qb4 39.Qxb4 axb4 40.Bf3 Rb8 
41.Rd2 b5 42.Rxd6 bxc4 43.bxc4 b3+ 44.Kb1 exf4 45.gxf4 Re8 46.Kc1 Re1+ 47.
Rd1 Re8 48.Rd3 Re1+ 49.Kd2 Rb1 50.Rxb3 Rxb2+ 51.Rxb2 1/2-1/2

[Event "2nd EUR-ch (w)"]
[Site "Warsaw POL"]
[Date "2001.05.01"]
[Round "9.59"]
[White "Khukhashvili, Sopiko"]
[Black "Kludacz, Magdalena"]
[Result "1-0"]
[WhiteElo "2326"]
[BlackElo "2203"]
[EventDate "2001.04.21"]
[PlyCount "133"]

1.e4 e6 2.d4 d5 3.exd5 exd5 4.Nf3 Bg4 5.h3 Bh5 6.Qe2+ Qe7 7.Be3 Nc6 8.Nc3 
Bxf3 9.gxf3 O-O-O 10.O-O-O Qb4 11.Qd2 Qa5 12.a3 Bxa3 13.bxa3 Qxa3+ 14.Kb1 
Qb4+ 15.Ka1 Na5 16.Rb1 Qa3+ 17.Na2 Nc4 18.Bxc4 dxc4 19.Qb4 Qa6 20.Qb5 Qxb5
21.Rxb5 a6 22.Rg5 g6 23.Rc5 b5 24.Kb2 Ne7 25.Bg5 Rd7 26.Nb4 Kb7 27.Ra1 Ra8
28.Re1 Nf5 29.c3 h5 30.Nc6 Rd6 31.Nb4 Ng7 32.Re7 Ne6 33.Re5 Nxd4 34.cxd4 
f6 35.Rd5 Rxd5 36.Nxd5 fxg5 37.Rxc7+ Kb8 38.Rc6 Kb7 39.Rc7+ Kb8 40.Rg7 Ra7
41.Rg8+ Kb7 42.Rxg6 Ra8 43.Rxg5 Re8 44.Re5 Rg8 45.Ne3 h4 46.Rh5 Rg1 47.
Rh7+ Kb6 48.Rxh4 Re1 49.Nd5+ Ka5 50.Nc3 Rf1 51.Ne4 Rd1 52.Rh8 Rxd4 53.h4 
Rd3 54.Rf8 Rd5 55.Rh8 b4 56.h5 Ka4 57.h6 c3+ 58.Kc2 a5 59.h7 Rh5 60.f4 Rh3
61.Nc5+ Ka3 62.Nd3 b3+ 63.Kxc3 a4 64.Kd2 Ka2 65.f5 a3 66.f6 b2 67.Nxb2 1-0

[Event "2nd EUR-ch (w)"]
[Site "Warsaw POL"]
[Date "2001.05.01"]
[Round "9.60"]
[White "Hernandez Estevez, Yudania"]
[Black "Heymann, Ulrike"]
[Result "0-1"]
[WhiteElo "2265"]
[BlackElo "2188"]
[EventDate "2001.04.21"]
[PlyCount "84"]

1.e4 c5 2.Nf3 d6 3.d4 cxd4 4.Nxd4 Nf6 5.Nc3 a6 6.Be2 e5 7.Nb3 Be7 8.O-O 
O-O 9.Kh1 Be6 10.f4 Qc7 11.g4 exf4 12.Bxf4 Nc6 13.g5 Nd7 14.Nd5 Bxd5 15.
exd5 Nce5 16.Nd4 g6 17.c4 Rfe8 18.Rc1 Bf8 19.Rf2 Nc5 20.b4 Ne4 21.Rg2 Qb6 
22.Be3 Qxb4 23.Rb1 Qa3 24.Rb3 Qa4 25.Nf3 Qd7 26.Nxe5 Rxe5 27.Bf4 Re7 28.h4
Rae8 29.Qf1 Bg7 30.h5 Bd4 31.Kh2 Nf2 32.Rxf2 Bxf2 33.Bf3 Bd4 34.hxg6 hxg6 
35.Qg2 Be5 36.Bxe5 Rxe5 37.Qh3 Qxh3+ 38.Kxh3 Re3 39.c5 dxc5 40.d6 Rxb3 41.
axb3 Rd8 42.Bxb7 Rxd6 0-1

[Event "2nd EUR-ch (w)"]
[Site "Warsaw POL"]
[Date "2001.05.01"]
[Round "9.61"]
[White "Guzik, Jolanta"]
[Black "Krivec, Jana"]
[Result "0-1"]
[WhiteElo "2111"]
[BlackElo "2265"]
[EventDate "2001.04.21"]
[PlyCount "104"]

1.c4 e5 2.Nc3 Nf6 3.g3 d5 4.cxd5 Nxd5 5.Bg2 Nb6 6.Nf3 Nc6 7.d3 Be7 8.Be3 
O-O 9.O-O f5 10.Rc1 Bf6 11.a3 Re8 12.b4 Nd4 13.Nd2 c6 14.Nb3 Nxb3 15.Qxb3+
Be6 16.Qc2 Nd5 17.Bd2 Nxc3 18.Bxc3 Bd5 19.Rfd1 Bg5 20.Rb1 e4 21.e3 Qe7 22.
Qb2 a6 23.Bd4 Qf7 24.Rd2 Re6 25.Rbd1 Rh6 26.Be5 Re8 27.Qc3 Qe7 28.Bd4 Qf7 
29.Be5 Be7 30.Rc1 Qh5 31.h3 Qf7 32.Rcd1 Re6 33.Bd4 Bf8 34.Qb2 Bd6 35.Qc3 
Qg6 36.Kf1 Qh6 37.Rb2 Qh5 38.Ke1 exd3 39.Bxd5 cxd5 40.Qxd3 Qxh3 41.Bc3 f4 
42.Qxd5 fxe3 43.Re2 Bxg3 44.Ra1 Bxf2+ 45.Kd1 Qf1+ 46.Be1 Kh8 47.Rc1 Bxe1 
48.Rxe1 Qf6 49.Kc2 Rc6+ 50.Kb1 Rxc1+ 51.Rxc1 e2 52.Re1 Rd8 0-1

[Event "2nd EUR-ch (w)"]
[Site "Warsaw POL"]
[Date "2001.05.01"]
[Round "9.62"]
[White "Tallova, Ivana"]
[Black "Hlgatian, Goar"]
[Result "0-1"]
[WhiteElo "2108"]
[BlackElo "2258"]
[EventDate "2001.04.21"]
[PlyCount "62"]

1.e4 e6 2.d4 d5 3.e5 c5 4.c3 Nc6 5.Nf3 Qb6 6.a3 Bd7 7.Be2 a5 8.a4 Nh6 9.
dxc5 Bxc5 10.O-O Ng4 11.Nd4 Ngxe5 12.Nb5 O-O 13.Nd2 Na7 14.Nxa7 Qxa7 15.
Nb3 Bb6 16.Qe1 Ng6 17.Kh1 e5 18.f4 f6 19.Qg3 Kh8 20.Bh5 Bf5 21.Bd2 Rae8 
22.Bxg6 hxg6 23.fxe5 fxe5 24.Rae1 Qb8 25.Be3 Bxe3 26.Qxe3 Qc7 27.Nd2 Qc6 
28.Qg3 e4 29.Qg5 Qxa4 30.g4 e3 31.Nf3 Qxg4 0-1

[Event "2nd EUR-ch (w)"]
[Site "Warsaw POL"]
[Date "2001.05.01"]
[Round "9.63"]
[White "Alieva, Elmira"]
[Black "Hagesather, Ellen"]
[Result "1/2-1/2"]
[WhiteElo "2257"]
[BlackElo "2093"]
[EventDate "2001.04.21"]
[PlyCount "69"]

1.d4 g6 2.g3 Bg7 3.Bg2 Nf6 4.Nf3 O-O 5.O-O d6 6.c4 Nc6 7.Nc3 e5 8.d5 Ne7 
9.e4 Ne8 10.Ne1 f5 11.Nd3 h6 12.f4 exf4 13.Nxf4 Nf6 14.exf5 Bxf5 15.Kh1 
Ng4 16.h3 Ne5 17.g4 Bd7 18.Ne6 Bxe6 19.dxe6 Nxc4 20.Qe2 Ne5 21.Bxb7 Rb8 
22.Bg2 Rxf1+ 23.Qxf1 Qc8 24.Nd5 Nxd5 25.Bxd5 c6 26.Bb3 d5 27.Bf4 Qxe6 28.
Qe2 Rf8 29.Bxe5 Qxe5 30.Qxe5 Bxe5 31.Rc1 Rf6 32.Rxc6 Rxc6 33.Bxd5+ Kg7 34.
Bxc6 Bxb2 35.Kg2 1/2-1/2

[Event "2nd EUR-ch (w)"]
[Site "Warsaw POL"]
[Date "2001.05.01"]
[Round "9.64"]
[White "Baklanova, Tatiana"]
[Black "Zawadzka, Magdalena"]
[Result "1-0"]
[WhiteElo "2257"]
[BlackElo "2050"]
[EventDate "2001.04.21"]
[PlyCount "61"]

1.d4 g6 2.c4 Bg7 3.Nc3 d6 4.e4 e5 5.Be3 Nd7 6.Qd2 Ne7 7.f4 f5 8.dxe5 dxe5 
9.O-O-O O-O 10.Nf3 exf4 11.Bxf4 Qe8 12.exf5 Rxf5 13.Bxc7 Nc5 14.h4 Rh5 15.
Be2 Bg4 16.Ng5 Bxe2 17.Qxe2 Nf5 18.Qxe8+ Rxe8 19.g4 Rxh4 20.gxf5 Rxc4 21.
fxg6 h6 22.Nf7 Ne4 23.Rd8 Rxd8 24.Bxd8 Nxc3 25.bxc3 Rxc3+ 26.Kb1 Rd3 27.
Re1 Bf8 28.Bc7 Rc3 29.Be5 Rc8 30.Rh1 Bg7 31.Nxh6+ 1-0

[Event "2nd EUR-ch (w)"]
[Site "Warsaw POL"]
[Date "2001.05.01"]
[Round "9.65"]
[White "Costagliola, Marina"]
[Black "Pokojska, Daria"]
[Result "1/2-1/2"]
[WhiteElo "2254"]
[BlackElo "2037"]
[EventDate "2001.04.21"]
[PlyCount "54"]

1.e4 c5 2.Nc3 Nc6 3.f4 g6 4.Nf3 Bg7 5.g3 e6 6.Bg2 Nge7 7.O-O d5 8.d3 O-O 
9.Bd2 Rb8 10.Rb1 b6 11.Kh1 Ba6 12.exd5 exd5 13.Re1 Qd7 14.Qe2 Rfe8 15.Qf1 
c4 16.Ne5 Nxe5 17.fxe5 cxd3 18.cxd3 Qf5 19.Qxf5 Nxf5 20.g4 Nd4 21.Bf4 Ne6 
22.Bg3 d4 23.Nd5 Bxd3 24.Rbd1 Bc4 25.b3 Bxd5 26.Bxd5 Rbd8 27.Bc4 Re7 
1/2-1/2

[Event "2nd EUR-ch (w)"]
[Site "Warsaw POL"]
[Date "2001.05.01"]
[Round "9.66"]
[White "Apanaviciute, Kristina"]
[Black "Khmiadashvili, Tamara"]
[Result "0-1"]
[WhiteElo "2019"]
[BlackElo "2241"]
[EventDate "2001.04.21"]
[PlyCount "80"]

1.e4 c6 2.d4 g6 3.Bd3 d5 4.e5 h5 5.c3 Nh6 6.Nf3 Bf5 7.Be2 e6 8.Bg5 Be7 9.
Bxe7 Qxe7 10.h4 Bg4 11.Ng5 Bxe2 12.Qxe2 Nf5 13.g3 a6 14.Nd2 c5 15.dxc5 
Qxc5 16.Nb3 Qb6 17.Rd1 Nc6 18.Rd3 a5 19.O-O a4 20.Nd4 Ncxd4 21.cxd4 Rc8 
22.Qd2 Rc4 23.Rc1 O-O 24.Rxc4 dxc4 25.Rc3 Qc6 26.Qf4 Rd8 27.Nf3 Qd5 28.Qg5
Rd7 29.g4 hxg4 30.Qxg4 b5 31.a3 Nxd4 32.Nxd4 Qxd4 33.Qg5 Qe4 34.Rc1 Rd4 
35.Kh2 Qxh4+ 36.Qxh4 Rxh4+ 37.Kg3 Re4 38.f4 Re2 39.Rb1 Re3+ 40.Kg4 Rb3 0-1

[Event "2nd EUR-ch (w)"]
[Site "Warsaw POL"]
[Date "2001.05.01"]
[Round "9.69"]
[White "Kadziolka, Beata"]
[Black "Grigoryan, Meri"]
[Result "1-0"]
[WhiteElo "2164"]
[BlackElo "2052"]
[EventDate "2001.04.21"]
[PlyCount "83"]

1.e4 c5 2.Nf3 d6 3.d4 cxd4 4.Nxd4 Nf6 5.Nc3 a6 6.Be3 Qc7 7.Qd2 Nbd7 8.
O-O-O b5 9.f3 Bb7 10.g4 Ne5 11.g5 Nfd7 12.f4 Nc4 13.Bxc4 Qxc4 14.Nb3 a5 
15.Kb1 a4 16.Nc1 Bxe4 17.Nxe4 Qxe4 18.Rhe1 Qf5 19.Bd4 e6 20.Be5 Rc8 21.Re2
Nxe5 22.fxe5 d5 23.Qa5 Be7 24.Qxb5+ Kf8 25.Qb7 Rd8 26.Nd3 Qxg5 27.Rf1 a3 
28.Ref2 f6 29.exf6 gxf6 30.Qb6 Kf7 31.Qc7 Ke8 32.Rf3 Bd6 33.Qc6+ Ke7 34.
Nc5 Qe5 35.Qb7+ Ke8 36.Rxf6 Be7 37.Rxe6 Qxb2+ 38.Qxb2 axb2 39.Rfe1 Rb8 40.
Rxe7+ Kd8 41.Rd7+ Kc8 42.Ree7 1-0

[Event "2nd EUR-ch (w)"]
[Site "Warsaw POL"]
[Date "2001.05.01"]
[Round "9.72"]
[White "Ornstein, Petra"]
[Black "Milligan, Helen"]
[Result "1-0"]
[WhiteElo "2035"]
[BlackElo "2124"]
[EventDate "2001.04.21"]
[PlyCount "133"]

1.e4 c5 2.Nf3 Nc6 3.d4 cxd4 4.Nxd4 Nf6 5.Nc3 e5 6.Ndb5 d6 7.Bg5 a6 8.Na3 
b5 9.Bxf6 gxf6 10.Nd5 Bg7 11.g3 Ne7 12.Bg2 Be6 13.Nxe7 Qxe7 14.c3 Rd8 15.
Qd3 Qb7 16.O-O O-O 17.Rfd1 Bg4 18.Re1 Qc8 19.Nc2 f5 20.Ne3 f4 21.Nd5 Kh8 
22.gxf4 exf4 23.Nxf4 Be5 24.Nd5 Rde8 25.f4 Bg7 26.Ne3 Qc5 27.Kh1 Bc8 28.
Rad1 f5 29.exf5 b4 30.f6 Bxf6 31.Nd5 Bg7 32.cxb4 Qf2 33.Rf1 Qh4 34.b3 Bb7 
35.Qg3 Qh6 36.Qg5 Qxg5 37.fxg5 Rxf1+ 38.Bxf1 Re5 39.Bg2 Rxg5 40.Ne3 Bxg2+ 
41.Nxg2 Be5 42.Ne3 Rh5 43.Ng4 Rh4 44.Nxe5 dxe5 45.Rd6 Rxb4 46.Rxa6 Rb5 47.
Ra7 e4 48.Re7 Rd5 49.a4 Rd3 50.Rxe4 Rxb3 51.h4 Ra3 52.Rf4 Kg7 53.Kg2 Kg6 
54.Kf2 Kh5 55.Ke2 Kg6 56.Kd2 Kh5 57.Kc2 Re3 58.Kb2 Kg6 59.Ka2 h5 60.Kb2 
Rd3 61.a5 Rd6 62.Kb3 Rd1 63.a6 Rd7 64.Ra4 Ra7 65.Kc4 Kf6 66.Kc5 Ke6 67.Kb6
1-0

[Event "2nd EUR-ch (w)"]
[Site "Warsaw POL"]
[Date "2001.05.01"]
[Round "9.73"]
[White "Jiretorn, Eva"]
[Black "Chmielinska, Alicja"]
[Result "0-1"]
[WhiteElo "2106"]
[BlackElo "2047"]
[EventDate "2001.04.21"]
[PlyCount "82"]

1.d4 d5 2.c4 c6 3.Nf3 Nf6 4.Nc3 dxc4 5.e4 b5 6.e5 Nd5 7.a4 e6 8.axb5 Nxc3 
9.bxc3 cxb5 10.Ng5 Bb7 11.Qh5 Qd7 12.Nxh7 Nc6 13.Nf6+ gxf6 14.Qxh8 O-O-O 
15.Qxf6 Nxd4 16.f3 Nc2+ 17.Kf2 Bc5+ 18.Kg3 Rg8+ 19.Kh3 Nxa1 20.Be2 Nc2 21.
Rd1 Bd5 22.g4 Ne3 23.Re1 Be7 24.Qh6 Bg5 25.Qh5 Qe8 26.Bxe3 Bxe3 27.Bd1 Bf4
28.Bc2 Bxf3 29.Rf1 Bxg4+ 30.Qxg4 Rxg4 31.Kxg4 Bxe5 32.h4 Qg8+ 33.Kf3 Qg3+ 
34.Ke2 Qxh4 35.Rxf7 Qh5+ 36.Rf3 Bxc3 37.Be4 Qh2+ 38.Rf2 Qh6 39.Kd1 Qe3 40.
Re2 Qd4+ 41.Kc2 b4 0-1

[Event "2nd EUR-ch (w)"]
[Site "Warsaw POL"]
[Date "2001.05.01"]
[Round "9.74"]
[White "Just, Anita"]
[Black "Ciuksyte, Zivile"]
[Result "0-1"]
[WhiteElo "2061"]
[BlackElo "2150"]
[EventDate "2001.04.21"]
[PlyCount "136"]

1.f4 d5 2.Nf3 c5 3.e3 Nc6 4.Bb5 a6 5.Bxc6+ bxc6 6.O-O Nf6 7.d3 g6 8.Nbd2 
Qb6 9.Qe1 Bg7 10.Kh1 a5 11.a4 O-O 12.e4 Ba6 13.e5 Ng4 14.h3 Nh6 15.Ng5 Nf5
16.g4 Nd4 17.Qd1 f6 18.Ngf3 fxe5 19.fxe5 Ne6 20.Qe1 Rf7 21.b3 Raf8 22.Ba3 
Qc7 23.Qe3 c4 24.bxc4 d4 25.Qg1 c5 26.Qg3 Bb7 27.Ne4 Bxe5 28.Qg2 Nf4 29.
Qd2 Bxe4 30.dxe4 Nxh3 31.Qg2 Nf4 32.Qd2 Ne6 33.Qg2 Bf4 34.Rad1 Qc6 35.Ra1 
Qxe4 36.Rae1 Be3 37.Nh2 Qxg2+ 38.Kxg2 Rf2+ 39.Kh1 Rxc2 40.Rxf8+ Kxf8 41.
Nf1 Rc3 42.Bb2 Rxc4 43.Nxe3 dxe3 44.Rxe3 Kf7 45.Rf3+ Ke8 46.Rh3 Ng5 47.Re3
Kf7 48.Ba3 Re4 49.Rc3 c4 50.Bc5 Rxg4 51.Bb6 Ne4 52.Rf3+ Ke6 53.Bxa5 Nc5 
54.Ra3 Re4 55.Bb6 Na6 56.a5 h5 57.Ra1 c3 58.Rc1 Rc4 59.Kg2 c2 60.Be3 Kd5 
61.Kf3 e5 62.Rg1 Rc6 63.Bc1 Nc5 64.Ke3 Nb3 65.Bb2 Nxa5 66.Ra1 Nc4+ 67.Ke2 
Nxb2 68.Rc1 g5 0-1

[Event "2nd EUR-ch (w)"]
[Site "Warsaw POL"]
[Date "2001.05.02"]
[Round "10.1"]
[White "Bojkovic, Natasa"]
[Black "Kovalevskaya, Ekaterina"]
[Result "1/2-1/2"]
[WhiteElo "2447"]
[BlackElo "2506"]
[EventDate "2001.04.21"]
[PlyCount "38"]

1.e4 c5 2.c3 d6 3.d4 Nf6 4.dxc5 Nc6 5.f3 d5 6.exd5 Nxd5 7.Bc4 e6 8.Bxd5 
exd5 9.Be3 Qh4+ 10.g3 Qh5 11.Na3 Be6 12.Kf2 O-O-O 13.Ne2 d4 14.cxd4 Bxc5 
15.Rc1 Bb6 16.Nf4 Qf5 17.Nc4 Bxc4 18.Rxc4 Rhe8 19.Qc2 Qxc2+ 1/2-1/2

[Event "2nd EUR-ch (w)"]
[Site "Warsaw POL"]
[Date "2001.05.02"]
[Round "10.4"]
[White "Khurtsidze, Nino"]
[Black "Grabuzova, Tatiana"]
[Result "1/2-1/2"]
[WhiteElo "2456"]
[BlackElo "2375"]
[EventDate "2001.04.21"]
[PlyCount "62"]

1.d4 e6 2.c4 b6 3.e4 Bb7 4.Bd3 Bb4+ 5.Bd2 Qe7 6.Ne2 f5 7.Nbc3 fxe4 8.Bxe4 
Bxe4 9.Nxe4 Bxd2+ 10.Qxd2 Nf6 11.Nxf6+ Qxf6 12.O-O O-O 13.d5 e5 14.d6 Qxd6
15.Qxd6 cxd6 16.Rad1 Rf6 17.Nc3 Nc6 18.Ne4 Rf4 19.f3 Nd4 20.Nxd6 Raf8 21.
Rfe1 R8f6 22.Nc8 Rf8 23.Nxa7 Ra8 24.Nb5 Nxb5 25.cxb5 Rxa2 26.Rxe5 Rf7 27.
Rd6 Rxb2 28.Rxb6 h6 29.f4 Rb4 30.f5 Rd4 31.Rg6 Kf8 1/2-1/2

[Event "2nd EUR-ch (w)"]
[Site "Warsaw POL"]
[Date "2001.05.02"]
[Round "10.5"]
[White "Skripchenko-Lautier, Almira"]
[Black "Danielian, Elina"]
[Result "1-0"]
[WhiteElo "2441"]
[BlackElo "2369"]
[EventDate "2001.04.21"]
[PlyCount "87"]

1.e4 c6 2.d4 d5 3.Nd2 dxe4 4.Nxe4 Nd7 5.Ng5 Ngf6 6.Bd3 e6 7.N1f3 Bd6 8.Qe2
h6 9.Ne4 Nxe4 10.Qxe4 Qc7 11.Qg4 Kf8 12.O-O b6 13.b3 Bb7 14.Re1 Nf6 15.Qh4
Rd8 16.a4 a5 17.Bb2 Nd5 18.Ne5 Qe7 19.Qh3 Nf4 20.Qf3 Bxe5 21.Rxe5 Nxd3 22.
Qxd3 Kg8 23.Rae1 h5 24.f4 Qd6 25.f5 Bc8 26.fxe6 Bxe6 27.c4 Rh6 28.Kh1 Rg6 
29.h3 h4 30.Qe4 Bd7 31.d5 cxd5 32.Qxh4 f6 33.Rxd5 Qb4 34.Red1 Qxb3 35.Qf2 
Qxa4 36.Qxb6 Re8 37.Rxd7 Re2 38.Qd8+ Kh7 39.R7d2 Qxc4 40.Rg1 Re3 41.Rd4 
Qc6 42.Rh4+ Rh6 43.Rxh6+ gxh6 44.Kh2 1-0

[Event "2nd EUR-ch (w)"]
[Site "Warsaw POL"]
[Date "2001.05.02"]
[Round "10.7"]
[White "Galliamova, Alisa"]
[Black "Socko, Monika"]
[Result "1-0"]
[WhiteElo "2554"]
[BlackElo "2351"]
[EventDate "2001.04.21"]
[PlyCount "83"]

1.d4 Nf6 2.Nf3 g6 3.c4 Bg7 4.g3 O-O 5.Bg2 d6 6.O-O Nc6 7.Nc3 a6 8.Qd3 Bd7 
9.d5 Nb4 10.Qd1 a5 11.e4 e5 12.Ne1 Qc8 13.a3 Na6 14.Nd3 Bh3 15.b4 Bxg2 16.
Kxg2 c6 17.Bg5 c5 18.bxa5 h6 19.Bd2 Qd8 20.Qb3 Qxa5 21.Rfb1 Rfb8 22.Qb6 
Qxb6 23.Rxb6 Nd7 24.Rxd6 Rd8 25.Nb5 Rab8 26.Ba5 b6 27.Bc3 Rbc8 28.f4 Bf8 
29.Rc6 Rxc6 30.dxc6 Ndb8 31.Nxe5 Rc8 32.Rd1 Nxc6 33.Nxc6 Rxc6 34.Rd8 Nc7 
35.Nxc7 Rxc7 36.Bf6 Rb7 37.g4 Rc7 38.h4 Ra7 39.g5 hxg5 40.hxg5 b5 41.cxb5 
c4 42.Rc8 1-0

[Event "2nd EUR-ch (w)"]
[Site "Warsaw POL"]
[Date "2001.05.02"]
[Round "10.8"]
[White "Stepovaya-Dianchenko, Tatiana"]
[Black "Petrenko, Svetlana"]
[Result "1-0"]
[WhiteElo "2440"]
[BlackElo "2336"]
[EventDate "2001.04.21"]
[PlyCount "45"]

1.e4 d6 2.d4 Nf6 3.Nc3 g6 4.Nf3 Bg7 5.h3 c6 6.a4 O-O 7.Be3 Qa5 8.Qd2 b5 9.
Bd3 Bb7 10.b4 Qxb4 11.O-O a6 12.a5 d5 13.e5 e6 14.exf6 Bxf6 15.Nxd5 Qxd2 
16.Nxf6+ Kg7 17.Nxd2 Kxf6 18.Ne4+ Kg7 19.Nc5 Bc8 20.Be4 f5 21.Bf3 b4 22.
Bd2 g5 23.Rfe1 1-0

[Event "2nd EUR-ch (w)"]
[Site "Warsaw POL"]
[Date "2001.05.02"]
[Round "10.9"]
[White "Olarasu, Gabriela"]
[Black "Arakhamia-Grant, Ketevan"]
[Result "0-1"]
[WhiteElo "2278"]
[BlackElo "2427"]
[EventDate "2001.04.21"]
[PlyCount "130"]

1.Nf3 Nf6 2.g3 g6 3.b3 Bg7 4.Bb2 c5 5.c4 Nc6 6.Bg2 d6 7.O-O O-O 8.d4 cxd4 
9.Nxd4 Qb6 10.e3 a5 11.Qd2 a4 12.Nxc6 bxc6 13.b4 Be6 14.Rc1 Rad8 15.a3 c5 
16.Qc2 cxb4 17.axb4 Qxb4 18.Rxa4 Qc5 19.Nd2 Rb8 20.Bd4 Qh5 21.Ra7 Nd7 22.
Qc3 Bxd4 23.exd4 Rfc8 24.Qe3 Rb2 25.Bf3 Qh3 26.d5 Bg4 27.Bg2 Qh5 28.f4 Re8
29.Qc3 Reb8 30.Rca1 Qh6 31.Ra8 Qg7 32.Qe3 Qf8 33.R8a7 Nc5 34.R7a3 Qd8 35.
h3 Bd7 36.Nf3 Qb6 37.Kh2 Qd8 38.Re1 Rc2 39.Re2 Rxc4 40.Qxe7 Qxe7 41.Rxe7 
Kf8 42.Re2 h6 43.Ne1 Bf5 44.Rae3 Bb1 45.Nf3 Bd3 46.Rd2 Be4 47.Nd4 Bxg2 48.
Kxg2 Rb1 49.g4 Rcc1 50.f5 Rg1+ 51.Kh2 Rh1+ 52.Kg3 Rbg1+ 53.Kf2 Rh2+ 54.
Kxg1 Rxd2 55.fxg6 Rxd4 56.Rf3 Rxd5 57.Rxf7+ Kg8 58.Kg2 Rg5 59.Rf6 Ne4 60.
Re6 Re5 61.Rxe5 dxe5 62.h4 Kg7 63.Kf3 Nf6 64.h5 e4+ 65.Kf4 e3 0-1

[Event "2nd EUR-ch (w)"]
[Site "Warsaw POL"]
[Date "2001.05.02"]
[Round "10.10"]
[White "Mkrtchian, Lilit"]
[Black "Hunt, Harriet"]
[Result "1/2-1/2"]
[WhiteElo "2344"]
[BlackElo "2426"]
[EventDate "2001.04.21"]
[PlyCount "23"]

1.e4 c5 2.Nf3 d6 3.c3 Nf6 4.Be2 g6 5.O-O Bg7 6.Re1 O-O 7.Bf1 Nc6 8.a3 e5 
9.b4 a6 10.d3 h6 11.Nbd2 Be6 12.Bb2 1/2-1/2

[Event "2nd EUR-ch (w)"]
[Site "Warsaw POL"]
[Date "2001.05.02"]
[Round "10.12"]
[White "Peng Zhaoqin"]
[Black "Kosintseva, Nadezhda"]
[Result "1-0"]
[WhiteElo "2391"]
[BlackElo "2289"]
[EventDate "2001.04.21"]
[PlyCount "83"]

1.d4 Nf6 2.Nf3 c5 3.d5 g6 4.Nc3 Bg7 5.e4 d6 6.Be2 O-O 7.O-O Na6 8.h3 Nc7 
9.a4 a6 10.Bf4 Rb8 11.Re1 b5 12.axb5 axb5 13.e5 Nfe8 14.Qd2 b4 15.Na4 Bb7 
16.Bc4 Ra8 17.b3 Ra5 18.Rad1 Nb5 19.Bh6 Nec7 20.Re4 f6 21.e6 Kh8 22.Rh4 
Rg8 23.c3 bxc3 24.Nxc3 Nxc3 25.Qxc3 Ra8 26.Bxg7+ Rxg7 27.Re4 Ra3 28.Re2 
Qa8 29.Red2 Qa5 30.Qe3 Rg8 31.Rd3 Kg7 32.h4 Ra1 33.h5 Ra8 34.Kh2 Ba6 35.
Nh4 Rxd1 36.Rxd1 Rg8 37.Qd3 f5 38.Qe3 Kf6 39.Qh6 Qc3 40.Qxh7 Qe5+ 41.Kg1 
Rg7 42.Qh8 1-0

[Event "2nd EUR-ch (w)"]
[Site "Warsaw POL"]
[Date "2001.05.02"]
[Round "10.13"]
[White "Ovod, Evgenia"]
[Black "Sikorova, Olga"]
[Result "0-1"]
[WhiteElo "2383"]
[BlackElo "2236"]
[EventDate "2001.04.21"]
[PlyCount "84"]

1.d4 Nf6 2.c4 c5 3.d5 e6 4.Nc3 exd5 5.cxd5 d6 6.e4 g6 7.f4 Bg7 8.Bb5+ Nfd7
9.a4 O-O 10.Nf3 Na6 11.O-O Nc7 12.Bd3 a6 13.Qe1 Re8 14.Qg3 Nf6 15.f5 c4 
16.Bc2 b5 17.fxg6 fxg6 18.Bg5 b4 19.Nd1 Qd7 20.Bxf6 Bxf6 21.Nd2 Bd4+ 22.
Kh1 a5 23.Nxc4 Ba6 24.Qd3 Qg7 25.Rc1 Rac8 26.Bb3 Na8 27.e5 Bxe5 28.Nde3 
Bxb2 29.Rc2 Bd4 30.Ng4 Nb6 31.Nh6+ Qxh6 32.Qxd4 Bxc4 33.Bxc4 Qe3 34.Qh4 
Qe4 35.Qf2 Rf8 36.Qxb6 Rxf1+ 37.Bxf1 Rxc2 38.Qd8+ Kf7 39.Qxd6 Qf5 40.Qa6 
Rc1 41.Qa7+ Kg8 42.Qb8+ Qf8 0-1

[Event "2nd EUR-ch (w)"]
[Site "Warsaw POL"]
[Date "2001.05.02"]
[Round "10.14"]
[White "Ciuksyte, Dagne"]
[Black "Pahtz, Elisabeth"]
[Result "0-1"]
[WhiteElo "2217"]
[BlackElo "2358"]
[EventDate "2001.04.21"]
[PlyCount "136"]

1.e4 g6 2.d4 Bg7 3.Nf3 d6 4.Bc4 e6 5.Bg5 Ne7 6.Qd2 h6 7.Be3 Nd7 8.Nc3 a6 
9.a4 b6 10.O-O g5 11.h4 g4 12.Nh2 Nf6 13.Bd3 h5 14.g3 Bb7 15.f3 gxf3 16.
Rxf3 d5 17.e5 Ne4 18.Qe1 Nf5 19.Bf2 Nxf2 20.Qxf2 Nh6 21.Ne2 Qe7 22.Nf4 Ng4
23.Nxg4 hxg4 24.Ng6 Qd7 25.Rf4 Rg8 26.Rf1 fxg6 27.Bxg6+ Kd8 28.Rf7 Qxa4 
29.Rxg7 Rxg7 30.Qf8+ Kd7 31.Qxg7+ Kc6 32.c3 Qb3 33.Qf6 Bc8 34.Be8+ Kb7 35.
Rf2 a5 36.Qg6 Qd1+ 37.Kg2 a4 38.Qc2 Qe1 39.Qe2 Qb1 40.Qc2 Qe1 41.Rf1 Qe3 
42.Ra1 Qf3+ 43.Kh2 c6 44.Qg2 Qf8 45.Bg6 Bd7 46.Bc2 c5 47.Qf1 Qh6 48.Qf4 
Qg7 49.Qf6 Qxf6 50.exf6 Rf8 51.Rf1 b5 52.dxc5 Be8 53.Bd1 Bh5 54.Rf4 Kc6 
55.Bxg4 e5 56.Rb4 Be8 57.f7 Bxf7 58.Be2 Rb8 59.g4 Kxc5 60.g5 d4 61.h5 Bxh5
62.Bxh5 Rh8 63.Kg3 Rxh5 64.Kg4 Rh1 65.Kf5 dxc3 66.bxc3 a3 67.g6 a2 68.g7 
Rg1 0-1

[Event "2nd EUR-ch (w)"]
[Site "Warsaw POL"]
[Date "2001.05.02"]
[Round "10.15"]
[White "Stiazhkina, Olga"]
[Black "Kachiani-Gersinska, Ketino"]
[Result "0-1"]
[WhiteElo "2346"]
[BlackElo "2456"]
[EventDate "2001.04.21"]
[PlyCount "84"]

1.e4 c6 2.c4 d5 3.exd5 Nf6 4.Nc3 cxd5 5.cxd5 Nxd5 6.Nf3 Nxc3 7.bxc3 g6 8.
d4 Bg7 9.Bd3 Nc6 10.O-O O-O 11.Re1 Qa5 12.Bd2 Bg4 13.Be4 e6 14.h3 Bxf3 15.
Bxf3 Rad8 16.Qc1 Rd7 17.Bf4 Rc8 18.Qb2 Qf5 19.Bg3 Na5 20.Qa3 b6 21.d5 h5 
22.dxe6 fxe6 23.Rad1 Rxc3 24.Qa4 Rf7 25.Qe8+ Kh7 26.Rxe6 Rxf3 27.gxf3 Nb7 
28.Re7 Rxe7 29.Qxe7 Nc5 30.Be5 Qxe5 31.Qxa7 Qg5+ 32.Kf1 Qf5 33.Qxb6 Qxh3+ 
34.Kg1 Qxf3 35.Rd6 Qg4+ 36.Kf1 Ne4 37.Rd8 Qh3+ 38.Ke2 Nc3+ 39.Kd2 Qf1 40.
Kc2 Nxa2 41.Qa7 Qc1+ 42.Kb3 Qc3+ 0-1

[Event "2nd EUR-ch (w)"]
[Site "Warsaw POL"]
[Date "2001.05.02"]
[Round "10.16"]
[White "Voiska, Margarita"]
[Black "Matveeva, Svetlana"]
[Result "0-1"]
[WhiteElo "2320"]
[BlackElo "2430"]
[EventDate "2001.04.21"]
[PlyCount "76"]

1.c4 b6 2.Nc3 Bb7 3.e4 e6 4.Nge2 Nf6 5.d3 d5 6.cxd5 exd5 7.e5 Nfd7 8.d4 c5
9.Nf4 cxd4 10.Ncxd5 Nxe5 11.Bb5+ Nbc6 12.Qh5 Qd6 13.Bd2 O-O-O 14.O-O g6 
15.Qh3+ Kb8 16.Qg3 Bg7 17.Rac1 Rhg8 18.Bxc6 Nxc6 19.Rfe1 Rge8 20.h4 Re5 
21.Nb4 Rxe1+ 22.Bxe1 Ne7 23.Nbd3 Nf5 24.Qh2 Rc8 25.Rd1 a5 26.b4 a4 27.b5 
Ka7 28.Bb4 Qd7 29.Rb1 Qxb5 30.Re1 h5 31.a3 Bf6 32.Qh3 Bxh4 33.Re5 Qd7 34.
Rxf5 Qxf5 35.Qxh4 g5 36.Qxh5 Be4 37.g4 Qh7 38.Ne1 gxf4 0-1